Guess the wrong member (kpop) - Statistics

General Stats
  • This quiz has been taken 65 times
  • The average score is 11 of 15
Answer Stats
Question Answer % Correct
Who's not in enhypen ?
92%
Who's not in seventeen ?
89%
In what group is the wrong member (q14) ? Straykids
89%
Who's not in oneus ?
80%
Who's not in nmixx ?
79%
Who's not in twice ?
79%
Who's not in EXO ?
77%
Who's not in IVE ?
77%
In what group is the wrong member (q11) ? Ateez
77%
In what group is the wrong member (question 1) ? NCT
75%
In what group is the wrong member (q8) ? soloist
74%
Who's not in IZ*ONE ?
69%
In what group is the wrong member (q5) ? Le sserafim
66%
Who's not in GOT7 ?
57%
Who's not in SNSD ?
38%
No matching quizzes found
Score Distribution
Percent of People with Each Score
Percentile by Number Answered
Your Score History
You have not taken this quiz